| 000 | 01297nam a2200397 i 4500 | ||
|---|---|---|---|
| 001 | 55721 | ||
| 003 | KOSZ 005 | ||
| 005 | 20221206112538.0 | ||
| 008 | 080722s2008 pl a f |000 0 pol | ||
| 015 | _aPB 2008/21867 | ||
| 020 | _a9788301154653 | ||
| 040 |
_aWA N _cWA N _dKOSZ 005/HR |
||
| 046 | _k2008 | ||
| 080 | _a005.51 | ||
| 080 | _a005.334 | ||
| 080 | _a658.6 | ||
| 100 | 1 |
_aGołembska, Elżbieta _d(1946- ) _eAutor |
|
| 245 | 1 | 0 |
_aLogistyka w usługach / _cElżbieta Gołembska, Karolina Tyc-Szmil, Jakub Brauer. |
| 260 |
_aWarszawa : _bWydawnictwo Naukowe PWN, _c2008. |
||
| 300 |
_a124 s. : _bil. ; _c24 cm. |
||
| 336 |
_2rdacontent _aTekst _btxt |
||
| 337 |
_2rdamedia _aBez urządzenia pośredniczącego _bn |
||
| 338 |
_2rdacarrier _aWolumin _bnc |
||
| 380 | _aKsiążki | ||
| 388 | _a2001- | ||
| 504 | _aBibliogr. s. 120-122. | ||
| 650 | 4 | _aLogistyka gospodarcza | |
| 650 | 4 | _aUsługi | |
| 650 | 4 | _aZarządzanie ryzykiem | |
| 658 | _aZarządzanie i marketing | ||
| 700 | 1 |
_aTyc-Szmil, Karolina _eAutor |
|
| 700 | 1 |
_aBrauer, Jakub _eAutor |
|
| 710 | 2 |
_aWydawnictwo Naukowe PWN _4pbl. |
|
| 856 |
_uhttp://koha.tu.koszalin.pl/cgi-bin/koha/opac-detail.pl?biblionumber=55721 _yKatalog online BPK |
||
| 942 |
_2UKD _cKS |
||
| 999 |
_c55721 _d55721 |
||